Kārum tērum. (Record no. 79074)

MARC details
000 -LEADER
fixed length control field 00844cam a22002771 4500
001 - CONTROL NUMBER
control field sa 68002902
003 - CONTROL NUMBER IDENTIFIER
control field DLC
005 - DATE AND TIME OF LATEST TRANSACTION
control field 20260227112447.0
008 - FIXED-LENGTH DATA ELEMENTS--GENERAL INFORMATION
fixed length control field 850406s1966 ii 000 0 tamx
010 ## - LIBRARY OF CONGRESS CONTROL NUMBER
LC control number sa 68002902
020 ## - INTERNATIONAL STANDARD BOOK NUMBER
Terms of availability Rs2.75
025 ## - OVERSEAS ACQUISITION NUMBER
Overseas acquisition number PL480:I-T-1966
035 ## - SYSTEM CONTROL NUMBER
System control number (OCoLC)13886043
040 ## - CATALOGING SOURCE
Original cataloging agency DLC
Transcribing agency NN
Modifying agency DLC
043 ## - GEOGRAPHIC AREA CODE
Geographic area code a-ii---
050 00 - LIBRARY OF CONGRESS CALL NUMBER
Classification number PL4758.05
Item number .B28
100 1# - MAIN ENTRY--PERSONAL NAME
Personal name Pālacuppiramaṇiyan̲, Ci.,
Dates associated with a name 1935-1998.
245 10 - TITLE STATEMENT
Title Kārum tērum.
Statement of responsibility, etc. [El̲utiyavar] Ci. Pālacuppiramaṇiyan̲.
250 ## - EDITION STATEMENT
Edition statement [1. patippu]
260 ## - PUBLICATION, DISTRIBUTION, ETC.
Place of publication, distribution, etc. Cen̲n̲ai,
Name of publisher, distributor, etc. vir̲pan̲ai urimai: Pāri Nilaiyam
Date of publication, distribution, etc. [1966]
300 ## - PHYSICAL DESCRIPTION
Extent 144 p.
Dimensions 18 cm.
490 0# - SERIES STATEMENT
Series statement Nar̲umalarp Patippaka veḷiyīṭ.
500 ## - GENERAL NOTE
General note In Tamil.
650 #0 - SUBJECT ADDED ENTRY--TOPICAL TERM
Topical term or geographic name entry element Tamil literature
General subdivision History and criticism.
650 #0 - SUBJECT ADDED ENTRY--TOPICAL TERM
Topical term or geographic name entry element Tamil (Indic people)
General subdivision Social life and customs.

No items available.

Powered by Koha